Statistics for Video Games by Bosses [SPOILERS]

Click here to take the quiz!

General Stats

  • This quiz has been taken 40 times
  • The average score is 8 of 16

Answer Stats

Answer% Correct
Minecraft
100%
Super Mario Bros.
100%
Sonic the Hedgehog
92%
Doom
81%
Undertale
61%
Wolfenstein 3D
61%
Metal Gear Solid
58%
Mortal Kombat 3
56%
Elden Ring
53%
Super Meat Boy
47%
Half-Life
28%
Metal Gear Rising: Revengeance
14%
Silent Hill 4: The Room
14%
Diablo II Resurrected
8%
DmC: Devil May Cry
6%
Max Payne
6%

Score Distribution

Percentile by Number Answered

Percent of People with Each Score

Your Score History

You have not taken this quiz